000 00638nam a2200241 a 4500
001 0001-1111
003 ELIB.Books
008 150129 2010 eng
020 _a899785111181593230
035 _a(ELIB.Books)0001-1266
092 _a220
_bLee
100 _aLee, Young Mee.
245 _aMapping and Engaging the Bible in Asian Cultures:
260 _aKorea
_bThe Christian Literature Society
_c2009
300 _a344
_c22.5 Cm
500 _aLibrary
650 _aBible Study
856 _nKBTS: Library
_uKBTS: Elib.
942 _2ddc
_cBK
990 _a1
998 _cbat
_e2015-01-29
999 _c11111
_d11111